Das Papier: als gratisbeilage des wochenblattes; 4 Bande

Dades bibliogràfiques
Autor principal: Kirchner E. Ernst
Idioma:alemany
Publicat: [Biberach an der Riss], Verleger des Guntter-Staib'schen Wochenblattes fur Papierfabrikation in Biberach, 1897-[1922]
Format: Llibre
KOHA link:https://koha.lib.tpu.ru/cgi-bin/koha/opac-detail.pl?biblionumber=351352

MARC

LEADER 00000nam1a2200000 4500
001 351352
005 20231101040656.0
035 |a (RuTPU)RU\TPU\retro\6378 
090 |a 351352 
100 |a 20190603d1897 k y0gery50 ba 
101 0 |a ger 
102 |a DE 
200 1 |a Das Papier  |e als gratisbeilage des wochenblattes  |e 4 Bande  |f E. Kirchner 
210 |a [Biberach an der Riss]  |c Verleger des Guntter-Staib'schen Wochenblattes fur Papierfabrikation in Biberach  |d 1897-[1922] 
700 1 |a Kirchner  |b E.  |g Ernst 
801 1 |a RU  |b 63413507  |c 20141114 
801 2 |a RU  |b 63413507  |c 20190619  |g RCR 
942 |c BK